| 000 -LEADER |
| fixed length control field |
02094cam a22004093a 4500 |
| 001 - CONTROL NUMBER |
| control field |
15952725 |
| 003 - CONTROL NUMBER IDENTIFIER |
| control field |
NUST - PNEC |
| 005 - DATE AND TIME OF LATEST TRANSACTION |
| control field |
20170116181119.0 |
| 008 - FIXED-LENGTH DATA ELEMENTS--GENERAL INFORMATION |
| fixed length control field |
960916s1957 xx 000 0 eng |
| 010 ## - LIBRARY OF CONGRESS CONTROL NUMBER |
| LC control number |
2009658221 |
| 035 ## - SYSTEM CONTROL NUMBER |
| System control number |
coe96001731 |
| 040 ## - CATALOGING SOURCE |
| Original cataloging agency |
DLC |
| Transcribing agency |
LIBRARY |
| 082 ## - DEWEY DECIMAL CLASSIFICATION NUMBER |
| Classification number |
822.33 SHA |
| 245 04 - TITLE STATEMENT |
| Title |
The merchant of Venice |
| Remainder of title |
Shakespeare |
| 260 ## - PUBLICATION, DISTRIBUTION, ETC. |
| Date of publication, distribution, etc. |
c.1962 |
| 300 ## - PHYSICAL DESCRIPTION |
| Extent |
1 v. (theater program). |
| 500 ## - GENERAL NOTE |
| General note |
University Theatre, December 6-21, 1957. |
| 500 ## - GENERAL NOTE |
| General note |
Title devised by Library staff. |
| 500 ## - GENERAL NOTE |
| General note |
Cast: Robert Strane, Richard Krisher, Clement Feeney Jr., Robert Milli, Justin K. McDonough, James D. Rogers, Mary Jo Randall, Barbara Convey, Robert Jackson, Philip Bosco, Richard Mennen, Jay Ehrlicher, David Sabin, Robert Cessna, Peter Kline, Jane Reilly, Benjamin Wills, Don Sullivan, K.F. Lowry Jr., Robert Taeschner, James Foote. |
| 500 ## - GENERAL NOTE |
| General note |
LC copy has notations by Coe. |
| Institution to which field applies |
DLC |
| 520 ## - SUMMARY, ETC. |
| Summary, etc. |
The Catholic University of America Speech and Drama Department, Rev. Gilbert V. Hartke, O.P., head, presents "The Merchant of Venice," by William Shakespeare, directed by William H. Graham, setting and lighting by James D. Waring, costumes designed by Joseph Lewis, costumes executed by Ann Tacik. |
| 580 ## - LINKING ENTRY COMPLEXITY NOTE |
| Linking entry complexity note |
In: Richard L. Coe Theater Programs Collection (Library of Congress). |
| 655 #7 - INDEX TERM--GENRE/FORM |
| Genre/form data or focus term |
Theater programs |
| Geographic subdivision |
Washington (D.C.) |
| Source of term |
rbgenr |
| 655 #7 - INDEX TERM--GENRE/FORM |
| Genre/form data or focus term |
Theater programs |
| Chronological subdivision |
1957. |
| Source of term |
rbgenr |
| 700 1# - ADDED ENTRY--PERSONAL NAME |
| Personal name |
Graham, William H. |
| Titles and other words associated with a name |
(Director) |
| 700 1# - ADDED ENTRY--PERSONAL NAME |
| Personal name |
Waring, James D. |
| 700 1# - ADDED ENTRY--PERSONAL NAME |
| Personal name |
Lewis, Joseph H., |
| Dates associated with a name |
1907-2000. |
| 700 1# - ADDED ENTRY--PERSONAL NAME |
| Personal name |
Tacik, Ann. |
| 700 1# - ADDED ENTRY--PERSONAL NAME |
| Personal name |
Coe, Richard L. |
| Fuller form of name |
(Richard Livingstone), |
| Dates associated with a name |
1914-1995, |
| Relator term |
annotator. |
| Institution to which field applies |
DLC |
| 700 1# - ADDED ENTRY--PERSONAL NAME |
| Personal name |
Shakespeare, William, |
| Dates associated with a name |
1564-1616. |
| Title of a work |
Merchant of Venice. |
| 710 2# - ADDED ENTRY--CORPORATE NAME |
| Corporate name or jurisdiction name as entry element |
Catholic University of America. |
| Subordinate unit |
Speech and Drama Department. |
| 710 2# - ADDED ENTRY--CORPORATE NAME |
| Corporate name or jurisdiction name as entry element |
Richard L. Coe Theater Programs Collection (Library of Congress) |
| Institution to which field applies |
DLC |
| 752 ## - ADDED ENTRY--HIERARCHICAL PLACE NAME |
| Country or larger entity |
United States |
| First-order political jurisdiction |
District of Columbia |
| City |
Washington. |
| 906 ## - LOCAL DATA ELEMENT F, LDF (RLIN) |
| a |
7 |
| b |
cbc |
| c |
origres |
| d |
2 |
| e |
ncip |
| f |
20 |
| g |
y-genrareb |
| 942 ## - ADDED ENTRY ELEMENTS (KOHA) |
| Source of classification or shelving scheme |
|
| Koha item type |
Book |